| 000 | 00778cab a2200229 4500 | ||
|---|---|---|---|
| 001 | WB3420-24 | ||
| 008 | 090401t1998 xxu||||| |||| 00| 0 eng d | ||
| 035 | _a(Sirsi) u86464 | ||
| 041 | _aeng | ||
| 245 | _aHousebuilders beware | ||
| 260 | _c1998 | ||
| 350 | _a0 | ||
| 490 |
_aEvening Standard _v28 May 1998, 37(1) |
||
| 520 | _aA slow down in land prices could prove to be an advantage for housebuilders. Land prices have increased faster than house prices for 18 months and danger signs indicate a squeeze in profit margins later this year. | ||
| 650 | _aHOUSE BUILDERS | ||
| 650 | _aHOUSE PRICES | ||
| 650 | _aLAND PRICES | ||
| 650 | _aPROFIT MARGINS | ||
| 690 | _aPROPERTY-RESIDENTIAL PROPERTY-RESIDENTIAL PROPERTY MARKET | ||
| 942 | _n0 | ||
| 948 | _c28/05/1998 | ||
| 999 |
_c54425 _d54425 |
||